[Event "Chigorin Memorial"]
[Site "St Petersburg"]
[Date "2015.10.06"]
[Round "4.67"]
[White "Pushkov, Nikolai"]
[Black "Azimov, Ilyas"]
[Result "1/2-1/2"]
[WhiteElo "2314"]
[BlackElo "2140"]
[PlyCount "96"]
[EventDate "2015.10.03"]
[EventRounds "9"]
[EventCountry "RUS"]

1. d4 Nf6 2. Nf3 e6 3. c4 Bb4+ 4. Bd2 a5 5. g3 d5 6. a3 Bxd2+ 7. Nbxd2 O-O 8.
Bg2 b6 9. O-O Bb7 10. Rc1 Nbd7 11. cxd5 exd5 12. Qc2 Rc8 13. b4 axb4 14. axb4
Qe7 15. Qb3 Qxe2 16. Rfe1 Qa6 17. b5 Qa8 18. Ne5 Nxe5 19. dxe5 Nd7 20. Ra1 Qb8
21. Nf3 Nc5 22. Qe3 c6 23. Nd4 cxb5 24. Nxb5 Rcd8 25. Nd6 d4 26. Qxd4 Bxg2 27.
Kxg2 Nb3 28. Qg4 Rxd6 29. exd6 Nxa1 30. Rxa1 Qxd6 31. Qc4 g6 32. Ra7 Qf6 33.
Rb7 Rd8 34. Qc7 Rd6 35. Rb8+ Kg7 36. Qc8 Qe7 37. Qc3+ Kh6 38. Qf3 Rf6 39. Qd3
Qc5 40. Qd2+ Kg7 41. Rd8 Qc6+ 42. Kg1 Qc7 43. h4 b5 44. h5 h6 45. hxg6 Rxg6 46.
Qd4+ Rf6 47. Qg4+ Rg6 48. Qd4+ Rf6 1/2-1/2

[Event "Chigorin Memorial"]
[Site "St Petersburg"]
[Date "2015.10.06"]
[Round "4.68"]
[White "Mrykhin, Igor"]
[Black "Zhurikhin, Alexander"]
[Result "1-0"]
[WhiteElo "2146"]
[BlackElo "2309"]
[PlyCount "61"]
[EventDate "2015.10.03"]
[EventRounds "9"]
[EventCountry "RUS"]

1. e4 c5 2. c3 g6 3. d4 cxd4 4. Nf3 Bg7 5. Bc4 d3 6. Qb3 e6 7. Na3 Nf6 8. Bg5
Qa5 9. Bxd3 Nc6 10. Nc4 Qc7 11. e5 Ng4 12. Nd6+ Kf8 13. Qa3 Kg8 14. Ne8 Qb6 15.
O-O h6 16. Be7 d5 17. exd6 Bd7 18. Nxg7 Kxg7 19. h3 Nge5 20. Nxe5 Nxe5 21. c4
Qd4 22. Rad1 Nxd3 23. Rxd3 Qxc4 24. Rc3 Qd4 25. Rf3 f5 26. Rd3 Qe5 27. f4 Qe4
28. Qc3+ e5 29. Re3 Qd4 30. Bf6+ Kf7 31. Bxh8 1-0

[Event "Chigorin Memorial"]
[Site "St Petersburg"]
[Date "2015.10.06"]
[Round "4.69"]
[White "Semiev, Suhrab"]
[Black "Eryshkanova, Anastasiya"]
[Result "1-0"]
[WhiteElo "2306"]
[BlackElo "2108"]
[PlyCount "59"]
[EventDate "2015.10.03"]
[EventRounds "9"]
[EventCountry "RUS"]

1. d4 d5 2. Nf3 Nf6 3. c4 c6 4. Qc2 g6 5. g3 Bg7 6. Bg2 O-O 7. O-O Bf5 8. Qb3
Qb6 9. Nc3 Qxb3 10. axb3 Na6 11. Bf4 h6 12. h4 Rfd8 13. Rfc1 Ne4 14. Ne5 f6 15.
Nxc6 bxc6 16. Bxe4 dxe4 17. Rxa6 Rxd4 18. Rxc6 Rd7 19. b4 g5 20. hxg5 hxg5 21.
Be3 Kf7 22. Kg2 Rdd8 23. b5 Be6 24. Nxe4 Bd7 25. Rc7 a5 26. bxa6 Rxa6 27. Rxd7
Rxd7 28. Nc5 Rad6 29. Nxd7 Rxd7 30. b4 1-0

[Event "Chigorin Memorial"]
[Site "St Petersburg"]
[Date "2015.10.06"]
[Round "4.70"]
[White "Veselov, Andrey"]
[Black "Rjabzev, Konstantin"]
[Result "0-1"]
[WhiteElo "2105"]
[BlackElo "2298"]
[PlyCount "62"]
[EventDate "2015.10.03"]
[EventRounds "9"]
[EventCountry "RUS"]

1. d4 d6 2. e4 g6 3. Nc3 Bg7 4. Nf3 Nc6 5. Be2 Bg4 6. Be3 Nf6 7. h3 Bxf3 8.
Bxf3 e5 9. dxe5 dxe5 10. O-O O-O 11. Be2 Nd4 12. Bd3 c5 13. Ne2 Rc8 14. b3 b5
15. c3 Nxe2+ 16. Qxe2 c4 17. Bc2 Qa5 18. bxc4 bxc4 19. Rfc1 Rfd8 20. f3 Nh5 21.
Qf2 Qxc3 22. Bd1 Qa3 23. Be2 c3 24. Rc2 Nf4 25. Rac1 Ne6 26. Bxa7 Bh6 27. Rd1
Rxd1+ 28. Bxd1 Rd8 29. Be2 Rd2 30. Rxd2 Bxd2 31. Bc4 c2 0-1

[Event "Chigorin Memorial"]
[Site "St Petersburg"]
[Date "2015.10.06"]
[Round "4.71"]
[White "Rozhko, Dmitry"]
[Black "Kurilo, Vladislav"]
[Result "1-0"]
[WhiteElo "2298"]
[BlackElo "2088"]
[PlyCount "137"]
[EventDate "2015.10.03"]
[EventRounds "9"]
[EventCountry "RUS"]

1. e4 c5 2. c3 d5 3. exd5 Qxd5 4. d4 Nc6 5. Nf3 Bf5 6. Be3 Nf6 7. Nbd2 cxd4 8.
Bc4 dxe3 9. Bxd5 exd2+ 10. Qxd2 O-O-O 11. Qf4 Rxd5 12. c4 Rc5 13. O-O e6 14. a3
Bd3 15. Rfc1 e5 16. Qe3 e4 17. b4 Rxc4 18. Ne1 Rxc1 19. Rxc1 a6 20. Nxd3 exd3
21. Qxd3 Be7 22. Qh3+ Nd7 23. Rd1 Rd8 24. Qxh7 Bf6 25. Qe4 Kc7 26. h4 Rh8 27.
g3 Rd8 28. a4 Nb6 29. Rxd8 Nxd8 30. g4 Ne6 31. g5 Ba1 32. g6 Nd7 33. gxf7 Nef8
34. h5 Bf6 35. Qd5 Be5 36. Kg2 Bf6 37. f4 Ba1 38. Kf3 Bb2 39. Qc4+ Kb8 40. Ke4
Nf6+ 41. Kd3 N6d7 42. Qd5 Kc7 43. Qa5+ Kc8 44. Kc4 Bf6 45. Qf5 Kc7 46. Qa5+ Kc8
47. b5 axb5+ 48. axb5 Bd8 49. Qc3 Bf6 50. Qd2 Kc7 51. Qa5+ Kd6 52. Qe1 Kc7 53.
Qb4 Nb6+ 54. Kd3 Nbd7 55. Ke4 Kd8 56. b6 Be7 57. Qc3 Ne6 58. Kf5 Bf6 59. Qxf6+
Nxf6 60. Kxe6 Nh7 61. f8=Q+ Nxf8+ 62. Kf7 Nd7 63. Kxg7 Ke7 64. h6 Nf6 65. h7
Nxh7 66. Kxh7 Kf7 67. f5 Kf6 68. Kg8 Kxf5 69. Kf7 1-0

[Event "Chigorin Memorial"]
[Site "St Petersburg"]
[Date "2015.10.06"]
[Round "4.72"]
[White "Nasibullin, Iskander"]
[Black "Mishuchkov, Nikolai M"]
[Result "1/2-1/2"]
[WhiteElo "2075"]
[BlackElo "2295"]
[PlyCount "69"]
[EventDate "2015.10.03"]
[EventRounds "9"]
[EventCountry "RUS"]

1. e4 c5 2. Nf3 e6 3. c3 d5 4. exd5 exd5 5. d4 Nc6 6. Bb5 Bd6 7. dxc5 Bxc5 8.
O-O Nge7 9. Nbd2 O-O 10. Nb3 Bb6 11. Re1 Nf5 12. Bd3 Qd6 13. Bxf5 Bxf5 14. Be3
Bxe3 15. Rxe3 Bg4 16. Qd2 Rad8 17. Nbd4 Bxf3 18. Rxf3 Ne5 19. Rg3 Qf6 20. Re1
Rde8 21. b3 Re7 22. h3 Rfe8 23. Ree3 g6 24. Ne2 h5 25. f4 Nd7 26. Rxe7 Qxe7 27.
Nd4 Qe1+ 28. Qxe1 Rxe1+ 29. Kh2 Nc5 30. Rg5 Ne4 31. Rxd5 Nxc3 32. Rd7 Rd1 33.
a4 h4 34. Rd8+ Kg7 35. Rd6 {unreadable} 1/2-1/2

[Event "Chigorin Memorial"]
[Site "St Petersburg"]
[Date "2015.10.06"]
[Round "4.73"]
[White "Sazonova, Anastasia"]
[Black "Smirnov, Timofey"]
[Result "0-1"]
[WhiteElo "2065"]
[BlackElo "2289"]
[PlyCount "96"]
[EventDate "2015.10.03"]
[EventRounds "9"]
[EventCountry "RUS"]

1. d4 Nf6 2. c4 e6 3. Nf3 d5 4. Nc3 Be7 5. Bg5 h6 6. Bxf6 Bxf6 7. e3 O-O 8. Qb3
c6 9. Rc1 Nd7 10. Be2 Be7 11. O-O Nf6 12. Rfd1 Bd6 13. h3 Qe7 14. a3 b6 15. Qa2
Bb7 16. b4 dxc4 17. Bxc4 b5 18. Bd3 a5 19. Qb3 axb4 20. axb4 Bxb4 21. Ra1 Rxa1
22. Rxa1 Ra8 23. Rxa8+ Bxa8 24. Ne4 Nxe4 25. Bxe4 Bd6 26. Bc2 b4 27. Qd3 g6 28.
e4 c5 29. d5 exd5 30. exd5 Qf6 31. g3 Bb7 32. Nd2 Qa1+ 33. Kh2 Ba6 34. Qe3 Qe5
35. Ne4 Be7 36. Qxh6 b3 37. Bb1 Qxd5 38. Qf4 Bb7 39. Qc7 Kf8 40. Qb8+ Kg7 41.
Qc7 Bf8 42. Qb6 Bc6 43. Qa5 Qd4 44. Qe1 c4 45. Qc3 Qxc3 46. Nxc3 Bb4 47. Ne2 c3
48. Nd4 Ba4 0-1

[Event "Chigorin Memorial"]
[Site "St Petersburg"]
[Date "2015.10.06"]
[Round "4.74"]
[White "Isakov, Andrey"]
[Black "Nikitinyh, Boris"]
[Result "1-0"]
[WhiteElo "2286"]
[BlackElo "2065"]
[PlyCount "117"]
[EventDate "2015.10.03"]
[EventRounds "9"]
[EventCountry "RUS"]

1. e4 c6 2. d4 d5 3. exd5 cxd5 4. Bd3 Nc6 5. c3 Nf6 6. Bf4 e6 7. Nf3 Bd6 8.
Bxd6 Qxd6 9. O-O O-O 10. Re1 Qf4 11. Nbd2 Bd7 12. g3 Qh6 13. h4 g6 14. Nh2 Rad8
15. Ndf3 Bc8 16. b4 Qg7 17. b5 Na5 18. Ne5 Ne8 19. Qa4 b6 20. Nc6 Nxc6 21. bxc6
f6 22. c4 Kh8 23. cxd5 Rxd5 24. Be4 Rd6 25. Bg2 Qc7 26. Rac1 Ng7 27. Qb4 Rfd8
28. Nf3 Nf5 29. Red1 h5 30. d5 exd5 31. Qf4 Kg7 32. Bh3 Ne7 33. Nd4 Bxh3 34.
Nb5 Qxc6 35. Rxc6 Rxc6 36. Nxa7 Rc5 37. a4 Rd7 38. Nb5 Rc4 39. Rd4 Be6 40. Rxc4
dxc4 41. Qe3 Bd5 42. Nc3 Nf5 43. Qxb6 Bf3 44. a5 Nd4 45. Kh2 Bc6 46. a6 Nf3+
47. Kg2 Ne5+ 48. Kf1 Bf3 49. a7 Rd3 50. Qc7+ Kh6 51. Qb8 g5 52. hxg5+ Kxg5 53.
a8=Q Bxa8 54. f4+ Kg4 55. fxe5 Rxc3 56. Qxa8 f5 57. e6 Re3 58. Kf2 f4 59. Qg8+
1-0

[Event "Chigorin Memorial"]
[Site "St Petersburg"]
[Date "2015.10.06"]
[Round "4.75"]
[White "Elistratov, Semen"]
[Black "Sinyanskiy, Maxim"]
[Result "1-0"]
[WhiteElo "2283"]
[BlackElo "2043"]
[PlyCount "69"]
[EventDate "2015.10.03"]
[EventRounds "9"]
[EventCountry "RUS"]

1. e4 c5 2. Nf3 d6 3. d4 cxd4 4. Nxd4 Nf6 5. Nc3 a6 6. h3 e6 7. g4 Be7 8. Bg2
Nfd7 9. g5 Nc6 10. h4 O-O 11. Be3 Nde5 12. Qe2 b5 13. Nxc6 Nxc6 14. f4 b4 15.
Na4 Qa5 16. Nb6 Rb8 17. Nxc8 Rfxc8 18. O-O e5 19. f5 Nd4 20. Bxd4 exd4 21. f6
Bf8 22. Rf5 Rc5 23. fxg7 Bxg7 24. Raf1 Rxf5 25. exf5 Qe5 26. Qxe5 Bxe5 27. Bd5
Rb5 28. Bc4 Rc5 29. b3 h6 30. Kg2 d5 31. Bd3 Kg7 32. f6+ Kg8 33. Re1 Bd6 34.
Re8+ Bf8 35. gxh6 1-0

[Event "Chigorin Memorial"]
[Site "St Petersburg"]
[Date "2015.10.06"]
[Round "4.76"]
[White "Gorovenko, Darya"]
[Black "Leontiev, Aleksandr V"]
[Result "0-1"]
[WhiteElo "2024"]
[BlackElo "2281"]
[PlyCount "62"]
[EventDate "2015.10.03"]
[EventRounds "9"]
[EventCountry "RUS"]

1. d4 Nf6 2. Nf3 b5 3. a4 b4 4. c4 Bb7 5. g3 c5 6. d5 e6 7. Bg2 exd5 8. Nh4 g6
9. O-O Bg7 10. cxd5 O-O 11. e4 Re8 12. Nd2 d6 13. Re1 Qe7 14. Re3 Bh6 15. Rb3
Bxd5 16. Rd3 Bb7 17. Nc4 Bxc1 18. Nxd6 Bxb2 19. e5 Bxg2 20. exf6 Bxf6 21. Nxe8
Bxa1 22. Rd8 Bd4 23. Nf6+ Kg7 24. Nh5+ Kh6 25. Rxd4 cxd4 26. Qxd4 Bh3 27. Nf5+
gxf5 28. Qg7+ Kxh5 29. Qxh7+ Kg4 30. Qg7+ Kf3 31. Qa1 Qe2 0-1

[Event "Chigorin Memorial"]
[Site "St Petersburg"]
[Date "2015.10.06"]
[Round "4.77"]
[White "Tersinsev, Andrey"]
[Black "Karpenko, Artem"]
[Result "1/2-1/2"]
[WhiteElo "2023"]
[BlackElo "2274"]
[PlyCount "81"]
[EventDate "2015.10.03"]
[EventRounds "9"]
[EventCountry "RUS"]

1. d4 Nf6 2. c4 e6 3. Nc3 Bb4 4. f3 d5 5. a3 Bd6 6. c5 Be7 7. e3 O-O 8. Bd3 Nc6
9. f4 a5 10. Nf3 b6 11. cxb6 cxb6 12. Qe2 Bd7 13. b3 Ne8 14. O-O Nd6 15. Ne5 f5
16. Nxc6 Bxc6 17. a4 Qd7 18. Ba3 Rfc8 19. Bxd6 Qxd6 20. Rfc1 Bb7 21. Qb2 Rc6
22. Bb5 Rc7 23. Ne2 Rac8 24. Rxc7 Rxc7 25. Rc1 Bd8 26. Rxc7 Qxc7 27. Qc1 Kf7
28. Qxc7+ Bxc7 29. Kf2 Ke7 30. Kf3 Bd6 31. Nc1 Bc8 32. Nd3 Bd7 33. Bxd7 Kxd7
34. g4 Ke7 35. Nc1 Kf6 36. Ne2 Bb4 37. Ng3 g6 38. h3 Be1 39. Ne2 Bd2 40. g5+
Ke7 41. Ng3 1/2-1/2

[Event "Chigorin Memorial"]
[Site "St Petersburg"]
[Date "2015.10.06"]
[Round "4.78"]
[White "Pavlova, Nataliy"]
[Black "Melnikov, Dmitry"]
[Result "0-1"]
[WhiteElo "2021"]
[BlackElo "2272"]
[PlyCount "32"]
[EventDate "2015.10.03"]
[EventRounds "9"]
[EventCountry "RUS"]

1. Nf3 f5 2. g3 Nf6 3. Bg2 g6 4. b3 Bg7 5. Bb2 d6 6. c4 e5 7. d3 Nc6 8. Nc3 O-O
9. O-O h6 10. Nd2 g5 11. f4 exf4 12. gxf4 Ng4 13. Qc1 Bd4+ 14. Kh1 gxf4 15. Nd1
Nxh2 16. Kxh2 Qh4+ 0-1

[Event "Chigorin Memorial"]
[Site "St Petersburg"]
[Date "2015.10.06"]
[Round "4.79"]
[White "Repkin, Alexander"]
[Black "Pogorelskikh, Sergey"]
[Result "1/2-1/2"]
[WhiteElo "2013"]
[BlackElo "2272"]
[PlyCount "211"]
[EventDate "2015.10.03"]
[EventRounds "9"]
[EventCountry "RUS"]

1. d4 Nf6 2. c4 g6 3. Nc3 Bg7 4. e4 d6 5. Nf3 O-O 6. Be2 Nbd7 7. Bg5 h6 8. Bh4
e5 9. d5 a5 10. Nd2 Nc5 11. b3 Qe8 12. a3 Bd7 13. O-O Nh7 14. Qc2 h5 15. f3 Bh6
16. Rab1 Be3+ 17. Bf2 Bxf2+ 18. Rxf2 Qe7 19. b4 axb4 20. axb4 Na6 21. Rff1 Qg5
22. Nd1 h4 23. Kh1 Nf6 24. Qd3 Nh5 25. Qe3 Nf4 26. Rf2 Qe7 27. Bf1 Kg7 28. Qc3
c5 29. dxc6 bxc6 30. b5 Nc5 31. Nb3 Nce6 32. Rd2 c5 33. Ra1 Rxa1 34. Qxa1 Bc8
35. Ne3 Nd4 36. Nxd4 cxd4 37. Nd5 Nxd5 38. cxd5 Qc7 39. Qb1 Qb6 40. Rc2 Bb7 41.
Qc1 Ra8 42. h3 Ra5 43. Bd3 Qa7 44. Kh2 Ra3 45. Qd2 Qb6 46. Ra2 Rc3 47. Rc2 Qc5
48. Rxc3 dxc3 49. Qc2 Kf6 50. Qc1 Qd4 51. Bc2 Kg7 52. Qe1 g5 53. Qc1 Kf6 54.
Qa3 Ke7 55. b6 Qc4 56. Qa7 Qc8 57. Bd3 Qa8 58. Kg1 Kd8 59. Kf2 Qxa7 60. bxa7
Kc7 61. Ke2 Kb6 62. Kd1 Kxa7 63. Kc2 Kb6 64. Kxc3 Kc5 65. Be2 Bc8 66. Bd3 Bd7
67. Bf1 f5 68. Bd3 fxe4 69. fxe4 Be8 70. Be2 Bg6 71. Bd3 Bh5 72. Bf1 Bd1 73.
Ba6 Kb6 74. Bf1 Ka5 75. Kd2 Bb3 76. Kc3 Ka4 77. Bb5+ Ka3 78. Be2 Ba4 79. Bd3
Be8 80. Be2 Ka2 81. Bf3 Ka3 82. Be2 Bg6 83. Bd3 Ka2 84. Kc2 Be8 85. Kc3 Bh5 86.
Kc2 Ka1 87. Kb3 Bd1+ 88. Ka3 Bh5 89. Kb3 Bg6 90. Bc2 Be8 91. Bd3 Bd7 92. Ka3 g4
93. hxg4 Bxg4 94. Kb3 Bh5 95. Kc3 Ka2 96. Kc2 Ka3 97. Kc3 Be8 98. Bf1 Ka4 99.
Be2 Ka5 100. Bf1 Bd7 101. Be2 Ba4 102. Bf1 Kb6 103. Be2 Kc7 104. Bd3 Kd8 105.
Kb4 Be8 106. Ka5 1/2-1/2

[Event "Chigorin Memorial"]
[Site "St Petersburg"]
[Date "2015.10.06"]
[Round "4.80"]
[White "Blomqvist, Erik"]
[Black "Stepanov, Andrey"]
[Result "1-0"]
[WhiteElo "2530"]
[BlackElo "1980"]
[PlyCount "93"]
[EventDate "2015.10.03"]
[EventRounds "9"]
[EventCountry "RUS"]

1. e4 c5 2. Nf3 d6 3. d4 cxd4 4. Nxd4 Nf6 5. Nc3 Nc6 6. Bc4 e6 7. Be3 a6 8. f4
Qc7 9. Bb3 Na5 10. Qf3 Nc4 11. Bxc4 Qxc4 12. O-O-O Be7 13. e5 dxe5 14. fxe5 Nd5
15. Rhf1 O-O 16. Nxd5 Qxd5 17. Nf5 Qxd1+ 18. Rxd1 exf5 19. a4 a5 20. Qd5 Re8
21. Qb5 Be6 22. Qxb7 Kf8 23. Qf3 g6 24. h4 h5 25. Bg5 Bxg5+ 26. hxg5 Rab8 27.
Qc3 Ra8 28. Rd6 Kg8 29. b3 Reb8 30. Kb2 Kg7 31. Qc5 Rc8 32. Rc6 Re8 33. c4 Bd7
34. Rd6 Be6 35. Kc3 Rec8 36. Rc6 Re8 37. Rc7 f4 38. Qf2 Red8 39. Qxf4 Bf5 40.
Qe3 Rab8 41. e6 Rd3+ 42. Qxd3 Bxd3 43. Rxf7+ Kg8 44. Kxd3 Rxb3+ 45. Kd4 Rg3 46.
Rf4 Rxg2 47. e7 1-0

[Event "Chigorin Memorial"]
[Site "St Petersburg"]
[Date "2015.10.06"]
[Round "4.81"]
[White "Shemyakin, Valeriy"]
[Black "Pridorozhni, Aleksei"]
[Result "0-1"]
[WhiteElo "2169"]
[BlackElo "2575"]
[PlyCount "62"]
[EventDate "2015.10.03"]
[EventRounds "9"]
[EventCountry "RUS"]

1. e4 c5 2. Nf3 Nc6 3. d4 cxd4 4. Nxd4 Qb6 5. Nb3 Nf6 6. Nc3 e6 7. Be3 Qc7 8.
a3 a6 9. Be2 b5 10. O-O Ne5 11. f4 Nc4 12. Bxc4 bxc4 13. Nd4 Bb7 14. e5 Nd5 15.
Nxd5 Bxd5 16. b4 cxb3 17. cxb3 Qb7 18. Rf2 g6 19. b4 Bg7 20. Rb1 O-O 21. Nb3 f6
22. Nc5 Qc6 23. exf6 Bxf6 24. Bd4 d6 25. Bxf6 Rxf6 26. Nd3 Qc3 27. a4 Raf8 28.
Rd2 g5 29. Rc1 Qd4+ 30. Kh1 Qe3 31. Rc7 Be4 0-1

[Event "Chigorin Memorial"]
[Site "St Petersburg"]
[Date "2015.10.06"]
[Round "4.82"]
[White "Slavin, Alexey"]
[Black "Yudkevich, Mikhail"]
[Result "1-0"]
[WhiteElo "2401"]
[BlackElo "2154"]
[PlyCount "71"]
[EventDate "2015.10.03"]
[EventRounds "9"]
[EventCountry "RUS"]

1. e4 e6 2. d4 d5 3. Nc3 Bb4 4. e5 c5 5. a3 Bxc3+ 6. bxc3 Ne7 7. a4 Nbc6 8. Nf3
Qa5 9. Bd2 h6 10. Bd3 Bd7 11. O-O c4 12. Be2 O-O-O 13. Qe1 f6 14. exf6 gxf6 15.
Nh4 Rdg8 16. Bh5 Rg7 17. Bf4 Nd8 18. Bd6 Nec6 19. f4 Nf7 20. Bxf7 Rxf7 21. f5
e5 22. dxe5 fxe5 23. Qg3 Qd8 24. Rae1 Rg8 25. Qf2 Rg4 26. f6 Rf4 27. Qg3 R7xf6
28. Rxf4 Rxf4 29. Nf3 Rg4 30. Qf2 e4 31. Ne5 Nxe5 32. Bxe5 b6 33. a5 Kb7 34.
Qf7 Kc6 35. Rf1 Qg8 36. Rf6+ 1-0

[Event "Chigorin Memorial"]
[Site "St Petersburg"]
[Date "2015.10.06"]
[Round "4.83"]
[White "Palachev, Petr"]
[Black "Svidinsky, Dmitry"]
[Result "1-0"]
[WhiteElo "2373"]
[BlackElo "2147"]
[PlyCount "83"]
[EventDate "2015.10.03"]
[EventRounds "9"]
[EventCountry "RUS"]

1. c4 e5 2. Nc3 Nf6 3. Nf3 Nc6 4. e3 Bb4 5. Qc2 O-O 6. a3 Bxc3 7. Qxc3 Re8 8.
b4 d5 9. b5 d4 10. Qc2 Na5 11. d3 c5 12. e4 b6 13. Be2 Nb7 14. a4 Nd7 15. O-O
Nf8 16. Ne1 Ng6 17. g3 Nd6 18. Ng2 f5 19. a5 fxe4 20. dxe4 Bb7 21. Bd3 Qe7 22.
Bd2 Qe6 23. Rae1 Rf8 24. a6 Bc8 25. f4 Qe8 26. f5 Ne7 27. g4 Kf7 28. Nh4 Ng8
29. Nf3 Nf6 30. Qd1 h6 31. Nxe5+ Qxe5 32. Bf4 Qe7 33. e5 Qd8 34. exd6 Bd7 35.
h4 Rh8 36. Re7+ Kg8 37. Qf3 Be8 38. g5 hxg5 39. hxg5 Bh5 40. Qg2 Ne8 41. Qd5+
Kf8 42. g6 1-0

[Event "Chigorin Memorial"]
[Site "St Petersburg"]
[Date "2015.10.06"]
[Round "4.84"]
[White "Sedina, Elena"]
[Black "Ivanov, Rostislav"]
[Result "1-0"]
[WhiteElo "2322"]
[BlackElo "2134"]
[PlyCount "83"]
[EventDate "2015.10.03"]
[EventRounds "9"]
[EventCountry "RUS"]

1. e4 c5 2. Nf3 d6 3. Bb5+ Bd7 4. Bxd7+ Qxd7 5. O-O e5 6. c3 Nc6 7. d4 Nf6 8.
dxe5 dxe5 9. Qe2 Be7 10. Bg5 O-O 11. Na3 h6 12. Rfd1 Qe6 13. Bxf6 Bxf6 14. Nb5
Rac8 15. Nd6 Rc7 16. a4 Rd7 17. Nc4 Rfd8 18. Rxd7 Rxd7 19. Ne3 Ne7 20. Rd1 Qc6
21. Rxd7 Qxd7 22. Qc4 b6 23. h3 h5 24. h4 g6 25. g3 Kf8 26. Kg2 Qc6 27. b3 Nc8
28. Nd5 Nd6 29. Qd3 Bg7 30. Nd2 Ke8 31. Nc4 Nc8 32. f3 Ne7 33. Nce3 Nxd5 34.
Nxd5 Qd7 35. Qa6 f5 36. a5 fxe4 37. fxe4 Qg4 38. Qd3 bxa5 39. Qb5+ Kf7 40. Qc4
Ke8 41. Ne3 Qc8 42. Qg8+ 1-0

[Event "Chigorin Memorial"]
[Site "St Petersburg"]
[Date "2015.10.06"]
[Round "4.85"]
[White "Samdanov, Samdan"]
[Black "Smirnov, Mikhail"]
[Result "1-0"]
[WhiteElo "2315"]
[BlackElo "2115"]
[PlyCount "81"]
[EventDate "2015.10.03"]
[EventRounds "9"]
[EventCountry "RUS"]

1. c4 c6 2. d4 d5 3. Nf3 Nf6 4. Nc3 g6 5. cxd5 cxd5 6. Bf4 Bg7 7. e3 O-O 8. h3
Nc6 9. Bd3 Bf5 10. Bxf5 gxf5 11. g4 Qd7 12. Ne5 Nxe5 13. dxe5 Ne4 14. Qxd5 Qe6
15. Qxe6 fxe6 16. Nxe4 fxe4 17. Ke2 Rac8 18. Rac1 Rfd8 19. Rhd1 Rxc1 20. Rxc1
Rd5 21. Rd1 Rb5 22. b3 Kf7 23. a4 Rxb3 24. Rd4 Rb1 25. Rxe4 Rh1 26. Kf3 Rc1 27.
Rb4 b6 28. Bg3 Rc5 29. Ke4 Ke8 30. f4 Rc1 31. Kd3 Rh1 32. Bf2 Rxh3 33. Rb1 h5
34. g5 Kf7 35. Ke2 Kg6 36. Kf1 Rh1+ 37. Bg1 Kf5 38. Kg2 Rh4 39. Bf2 Rg4+ 40.
Kf3 Bxe5 41. e4+ 1-0

[Event "Chigorin Memorial"]
[Site "St Petersburg"]
[Date "2015.10.06"]
[Round "4.86"]
[White "Solovyov, Viktor"]
[Black "Lagashin, Pavel"]
[Result "1-0"]
[WhiteElo "2312"]
[BlackElo "2107"]
[PlyCount "71"]
[EventDate "2015.10.03"]
[EventRounds "9"]
[EventCountry "RUS"]

1. Nf3 Nf6 2. c4 e6 3. g3 a6 4. Bg2 b5 5. b3 c5 6. Nc3 Nc6 7. O-O Qa5 8. Re1
Rb8 9. cxb5 axb5 10. Bb2 d5 11. e4 d4 12. Nd5 Nxd5 13. exd5 Nd8 14. a3 Be7 15.
b4 Qb6 16. bxc5 Bxc5 17. Rc1 d3 18. Rf1 O-O 19. Qb3 b4 20. axb4 Bxb4 21. Be5
Ra8 22. Rb1 exd5 23. Qxb4 Qxb4 24. Rxb4 Nc6 25. Rb6 Nxe5 26. Nxe5 Be6 27. Nxd3
Ra2 28. Rb2 Rfa8 29. Rfb1 g5 30. Rxa2 Rxa2 31. Rd1 d4 32. Nc5 Bg4 33. f3 Bf5
34. d3 Rc2 35. Ne4 h6 36. Bf1 1-0

[Event "Chigorin Memorial"]
[Site "St Petersburg"]
[Date "2015.10.06"]
[Round "4.87"]
[White "Gogolev, Artem"]
[Black "Trapeznikova, Darya"]
[Result "1-0"]
[WhiteElo "2306"]
[BlackElo "2092"]
[PlyCount "43"]
[EventDate "2015.10.03"]
[EventRounds "9"]
[EventCountry "RUS"]

1. d4 d5 2. c4 e6 3. Nf3 c6 4. Qc2 dxc4 5. Qxc4 b5 6. Qc2 Bb7 7. Bg5 Qc8 8. e3
Nd7 9. Nbd2 a6 10. a4 Ngf6 11. Bxf6 Nxf6 12. Be2 Be7 13. O-O O-O 14. Nb3 Nd7
15. Rfc1 Qb8 16. Nfd2 e5 17. Bf3 exd4 18. exd4 Bb4 19. Ne4 Nb6 20. Nbc5 Rc8 21.
Ng5 g6 22. Qb3 1-0

[Event "Chigorin Memorial"]
[Site "St Petersburg"]
[Date "2015.10.06"]
[Round "4.88"]
[White "Naumenko, Oleg"]
[Black "Shchukin, Dmitry"]
[Result "1/2-1/2"]
[WhiteElo "2167"]
[BlackElo "2299"]
[PlyCount "115"]
[EventDate "2015.10.03"]
[EventRounds "9"]
[EventCountry "RUS"]

1. e4 g6 2. Nc3 Bg7 3. Bc4 c6 4. f4 b5 5. Bb3 b4 6. Nce2 d5 7. exd5 cxd5 8. Nf3
Nf6 9. O-O O-O 10. a3 Na6 11. d4 Bf5 12. Ne5 Qb6 13. Ng3 e6 14. Be3 bxa3 15.
Rxa3 Nc7 16. Nxf5 exf5 17. Qd3 Rfc8 18. Rfa1 Bf8 19. Ra4 a5 20. Bd2 Bb4 21. g3
Bxd2 22. Qxd2 Nb5 23. Kg2 Ne4 24. Qd3 Rd8 25. h3 f6 26. Nf3 Kh8 27. g4 fxg4 28.
hxg4 Qd6 29. Qxb5 Qxf4 30. Qe2 Re8 31. Nh2 Qg3+ 32. Kf1 Qh3+ 33. Kg1 Qg3+ 34.
Kf1 Qh4 35. Kg1 Ng3 36. Qf3 Ne2+ 37. Kh1 Re4 38. Bxd5 Ng3+ 39. Kg1 Ne2+ 40. Kh1
Ng3+ 41. Kg1 Rf4 42. Bxa8 Rxf3 43. Bxf3 f5 44. Rxa5 Qg5 45. Ra7 Qe3+ 46. Kg2
Ne4 47. Bxe4 Qxe4+ 48. Kg3 g5 49. Ra8+ Kg7 50. R1a7+ Kh6 51. Ra6+ Kg7 52. R8a7+
Kg8 53. gxf5 Qe1+ 54. Kg2 Qe2+ 55. Kg1 Qd1+ 56. Nf1 Qxd4+ 57. Kg2 Qe4+ 58. Kg1
1/2-1/2

[Event "Chigorin Memorial"]
[Site "St Petersburg"]
[Date "2015.10.06"]
[Round "4.89"]
[White "Derli, Olga"]
[Black "Beznosikov, Vladimir"]
[Result "1-0"]
[WhiteElo "2131"]
[BlackElo "2298"]
[PlyCount "103"]
[EventDate "2015.10.03"]
[EventRounds "9"]
[EventCountry "RUS"]

1. e4 d5 2. exd5 Nf6 3. d4 Nxd5 4. Nf3 g6 5. Be2 Bg7 6. O-O O-O 7. c3 Nc6 8.
Re1 Re8 9. Bg5 h6 10. Bh4 Nf4 11. Bc4 g5 12. Bxg5 hxg5 13. Nxg5 e6 14. Qg4 Qf6
15. Nd2 e5 16. Qh4 Be6 17. Qh7+ Kf8 18. Nde4 Qh6 19. Qxh6 Bxh6 20. Nxe6+ fxe6
21. g3 Nd5 22. Nc5 Kf7 23. dxe5 b6 24. Bxd5 exd5 25. Nd3 Rad8 26. f4 Na5 27.
Rad1 c5 28. b4 cxb4 29. Nxb4 d4 30. Rxd4 Bf8 31. Nd3 Rxd4 32. cxd4 Rd8 33. e6+
Ke7 34. f5 Rxd4 35. Nf4 Kf6 36. Nh5+ Kg5 37. f6 Nc6 38. e7 Nxe7 39. fxe7 Bxe7
40. Rxe7 Kxh5 41. Rxa7 Rd2 42. Ra4 b5 43. Rb4 Rxa2 44. Rxb5+ Kg4 45. Rb4+ Kf3
46. Rf4+ Ke3 47. Rf6 Rb2 48. h4 Ra2 49. h5 Ke4 50. Rf2 Ra5 51. h6 Ra7 52. g4
1-0

[Event "Chigorin Memorial"]
[Site "St Petersburg"]
[Date "2015.10.06"]
[Round "4.90"]
[White "Artamonov, Valery"]
[Black "Palin, Denis"]
[Result "1/2-1/2"]
[WhiteElo "2287"]
[BlackElo "2081"]
[PlyCount "130"]
[EventDate "2015.10.03"]
[EventRounds "9"]
[EventCountry "RUS"]

1. Nf3 d6 2. c4 e5 3. Nc3 Nc6 4. d4 Bg4 5. d5 Nce7 6. Nd2 Nf6 7. f3 Bd7 8. e4
c5 9. Bd3 Ng6 10. g3 Bh3 11. Bf1 Bxf1 12. Nxf1 Be7 13. Ne3 Qd7 14. Nf5 O-O 15.
h4 Bd8 16. Bg5 Ne8 17. Qd2 f6 18. Be3 Ne7 19. g4 g6 20. Ng3 f5 21. gxf5 gxf5
22. Bh6 Rf6 23. Bg5 Rg6 24. h5 Rg7 25. Bxe7 Rxg3 26. Bxd8 Rxd8 27. O-O-O f4 28.
Rdg1 Rxg1+ 29. Rxg1+ Kh8 30. Qh2 Nf6 31. Rg5 Rg8 32. Rf5 Qg7 33. Qh4 Nd7 34. h6
Qg6 35. Qe7 Nb6 36. Rf6 Qg5 37. b3 Nc8 38. Qe6 Qg1+ 39. Nd1 Qd4 40. Qh3 Qa1+
41. Kc2 Qxa2+ 42. Nb2 Qa1 43. Rf7 Nb6 44. Rg7 Rxg7 45. hxg7+ Kxg7 46. Qg4+ Kf8
47. Qe6 Qg1 48. Qxd6+ Kf7 49. Qe6+ Kf8 50. Qxe5 Qf2+ 51. Kb1 Qe1+ 52. Ka2 Qa5+
53. Na4 Nxa4 54. Qxf4+ Ke8 55. Qb8+ Kf7 56. Qf4+ Ke8 57. Qe5+ Kf7 58. Qf5+ Kg7
59. Qd7+ Kg6 60. Qf5+ Kg7 61. Qg5+ Kf7 62. Qf5+ Kg7 63. Qg5+ Kf7 64. Qf5+ Kg7
65. Qg5+ Kf7 1/2-1/2